Effect of controlled release fertilizers on growth and leaf nitrogen status of immature rubber (Record no. 57762)
[ view plain ]
| 000 -LEADER | |
|---|---|
| fixed length control field | 01173nam a2200217Ia 4500 |
| 100 ## - MAIN ENTRY--AUTHOR NAME | |
| Personal name | George S |
| 245 #0 - TITLE STATEMENT | |
| Title | Effect of controlled release fertilizers on growth and leaf nitrogen status of immature rubber |
| 260 ## - PUBLICATION, DISTRIBUTION, ETC. (IMPRINT) | |
| Name of publisher | Natural Rubber Research |
| Year of publication | 2004 |
| 300 ## - PHYSICAL DESCRIPTION | |
| Number of Pages | 67-73 |
| 520 ## - SUMMARY, ETC. | |
| Summary, etc | The growth and leaf nitrogen status of immature rubber (Hevea brasiliensis) trees (clone RRII 105) which received 50 or 75 per cent of the recommended dose of N as NPK Mg tablets or 75 per cent as neem extract coated or neem cake mixed urea were comparable to those which received the full dose as prilled urea in two field experiments conducted in the central region of the traditional rubber growing tract of India, during 1994 to 1998. Single low dose of N applied as NPK Mg tablets was comparable to split doses of other fertilizers in terms of growth (girth) of the plants. |
| 650 ## - SUBJECT ADDED ENTRY--TOPICAL TERM | |
| Topical Term | Controlled release fertilizers |
| 650 ## - SUBJECT ADDED ENTRY--TOPICAL TERM | |
| Topical Term | Growth |
| 650 ## - SUBJECT ADDED ENTRY--TOPICAL TERM | |
| Topical Term | Hevea brasiliensis |
| 650 ## - SUBJECT ADDED ENTRY--TOPICAL TERM | |
| Topical Term | Immature rubber |
| 650 ## - SUBJECT ADDED ENTRY--TOPICAL TERM | |
| Topical Term | Leaf nitrogen |
| 700 ## - ADDED ENTRY--PERSONAL NAME | |
| Personal name | George V |
| 700 ## - ADDED ENTRY--PERSONAL NAME | |
| Personal name | Jessy M D |
| 700 ## - ADDED ENTRY--PERSONAL NAME | |
| Personal name | Punnoose K I |
| 942 ## - ADDED ENTRY ELEMENTS (KOHA) | |
| Koha item type | Journals |
| Withdrawn status | Lost status | Damaged status | Not for loan | Home library | Current library | Shelving location | Date acquired | Serial Enumeration / chronology | Koha item type |
|---|---|---|---|---|---|---|---|---|---|
| Journals | RRII Library | RRII Library | Soils and agonomy | 17/12/2021 | Volume 17, Issue 1 | Journals |